| 000 | 01554nam a2200361 a 4500 | ||
|---|---|---|---|
| 001 | 37419 | ||
| 003 | BD-RjUL | ||
| 005 | 20211209052616.0 | ||
| 008 | 150112s2012 mauab b 001 0 eng | ||
| 020 | _a9780763778903 (pbk.) | ||
| 020 | _a0763778907 (pbk.) | ||
| 035 |
_a(OCoLC)ocn645598366 _a(BD-RjUL)37523 |
||
| 040 |
_aDNLM/DLC _cDLC _dYDX _dNLM _dYDXCP _dCDX _dDLC _dBD-RjUL _beng |
||
| 041 | _aeng | ||
| 060 | 0 | 0 | _a2011 B-341 |
| 060 | 1 | 0 | _aWA 30.5 |
| 082 | 0 | 0 |
_a616.98 _222 _bFRE 2012 |
| 100 | 1 |
_aFriis, Robert H. _9114857 |
|
| 245 | 1 | 0 |
_aEssentials of environmental health / _cRobert H. Friis. |
| 250 | _a2nd ed. | ||
| 260 |
_aSudbury, MA : _bJones & Bartlett Learning, _cc2012. |
||
| 300 |
_axxvi, 442 p. : _bill., maps ; _c28 cm. |
||
| 490 | 1 | _aEssential public health | |
| 504 | _aIncludes bibliographical references and index. | ||
| 505 | 0 | _aThe environment at risk -- Environmental epidemiology -- Environmental toxicology -- Environmental policy and regulation -- Zoonotic and vector-borne diseases -- Toxic metals and elements -- Pesticides and other organic chemicals -- Ionizing and nonionizing radiation -- Water quality -- Air quality -- Food safety -- Solid and liquid wastes -- Occupational health -- Injuries with a focus on unintentional injuries and death. | |
| 650 | 0 |
_aEnvironmental health. _9114858 |
|
| 650 | 1 | 2 |
_aEnvironmental Health. _9114859 |
| 650 | 2 | 2 |
_aEnvironmental Pollution. _9114860 |
| 830 | 0 |
_aEssential public health. _9114739 |
|
| 942 |
_2ddc _cBK |
||
| 999 |
_c37419 _d37419 |
||